000 00331nam a2200133Ia 4500
008 220204s9999 xx 000 0 und d
020 _a0282162326
082 _a504.05:338
_bPRI
100 _aPrincen, Thomas
245 4 _aThe logic of sufficiency
260 _bMIT Press
_c2005
650 _aSustainable development
942 _cBK
999 _c42673
_d42673